000 00852nam a22002897a 4500
001 0105
003 DO-SdBNP
005 20180131111412.0
007 0105
008 151005b1987 sp 00| 0 spa d
020 _a8477220158
040 _aBPMSU
_bspa
_cBPMSU
092 _aXXXX
_bXXXX
100 1 _aByron Cover, Arthur
240 1 0 _aBlade of the guillotine /
_leng
245 1 3 _aLa hoja de la guillotina /
_cArthur Byron Cover ; ilustraciones Scott Hampton ; traducción Margarita Cavándoli
260 _aBarcelona :
_bTimun mas,
_c1987.
300 _a125 p. :
_bil.
_c18 cm.
490 1 _aLa maquina del tiempo
_v14
700 1 2 _aCavándoli, Margarita
_etrad.
700 1 2 _aHampton, Scott
_eil.
830 0 _aLa maquina del tiempo
_n14
910 _a202
942 _2ddc
_cBK
945 _aInventariado extraviado / 2018 VM
956 _aYngrid Lockward
999 _c8609
_d8609